[Event "Mittelfranken Landesliga Sued 2223"]
[Site "Mittelfranken"]
[Date "2023.02.05"]
[Round "6.6"]
[White "Lerch, Martin"]
[Black "Holl, Andreas"]
[Result "1-0"]
[WhiteElo "1988"]
[BlackElo "2085"]
[PlyCount "47"]
[EventDate "2022.10.09"]
[EventType "team-tourn"]
[EventRounds "9"]
[EventCountry "GER"]
[SourceTitle "EXT 2024"]
[Source "ChessBase"]
[SourceDate "2023.10.10"]
[SourceVersion "1"]
[SourceVersionDate "2023.10.10"]
[SourceQuality "1"]
[WhiteTeam "Muenchen Zugzwang II"]
[BlackTeam "Neuburg"]
[WhiteTeamCountry "GER"]
[BlackTeamCountry "GER"]

1. e4 e5 2. Nc3 Nf6 3. g3 d5 4. exd5 Nxd5 5. Bg2 Nf6 6. d3 Nc6 7. Nge2 Bg4 8. h3 Be6 9. f4 Bd6 10. fxe5 Bxe5 11. Bf4 0-0 12. Bxc6 Bxc3+ 13. Nxc3 bxc6 14. Qd2 a5 15. 0-0-0 a4 16. a3 Nd5 17. Rde1 Qd7 18. h4 Rfb8 19. Ne4 Nxf4 20. gxf4 Bd5 21. Qc3 f5 22. Nf6+ gxf6 23. Qxf6 Bxh1 24. Rg1+ 1-0

[Event "Mittelfranken Landesliga Sued 2122"]
[Site "Mittelfranken"]
[Date "2022.05.15"]
[Round "5.4"]
[White "Lerch, Martin"]
[Black "Bensch, Patrick"]
[Result "1/2-1/2"]
[WhiteElo "1987"]
[BlackElo "2096"]
[PlyCount "124"]
[EventDate "2021.10.24"]
[EventType "team-tourn"]
[EventRounds "9"]
[EventCountry "GER"]
[SourceTitle "EXT 2024"]
[Source "ChessBase"]
[SourceDate "2023.10.10"]
[SourceVersion "1"]
[SourceVersionDate "2023.10.10"]
[SourceQuality "1"]
[WhiteTeam "Muenchen Zugzwang II"]
[BlackTeam "Rottal Inn"]
[WhiteTeamCountry "GER"]
[BlackTeamCountry "GER"]

1. e4 c5 2. Nc3 Nc6 3. f4 g6 4. Nf3 Bg7 5. g3 d6 6. d3 Rb8 7. Bg2 b5 8. 0-0 b4 9. Ne2 e6 10. Qe1 Nge7 11. g4 f5 12. gxf5 exf5 13. Ng3 Nd4 14. Nxd4 Bxd4+ 15. Kh1 0-0 16. e5 c4 17. c3 bxc3 18. bxc3 Bb6 19. d4 dxe5 20. fxe5 Nd5 21. Bh6 Be6 22. Bxf8 Qxf8 23. Ne2 g5 24. Qg3 Qg7 25. h4 h6 26. Bh3 Rf8 27. Rg1 Bd8 28. Rab1 Kh8 29. Qf2 Ba5 30. Rb5 Bb6 31. Bg2 Qd7 32. Rxd5 Bxd5 33. hxg5 hxg5 34. Bxd5 Qxd5+ 35. Qg2 Qxg2+ 36. Rxg2 Bd8 37. d5 f4 38. Nd4 f3 39. Rf2 g4 40. Kh2 Bh4 41. Rf1 g3+ 42. Kg1 f2+ 43. Kg2 Kg8 44. Nf3 Rf4 45. Nxh4 Rxh4 46. Kxg3 Re4 47. Kxf2 Rxe5 48. Rd1 Kf8 49. Kf3 Ke7 50. d6+ Kd7 51. Rd2 Ra5 52. Ke4 Ra3 53. Kd4 Kxd6 54. Kxc4+ Kc7 55. Kb4 Ra6 56. c4 Rh6 57. Rg2 Rh7 58. Rg6 Kb7 59. a4 Kc8 60. a5 Kb7 61. a6+ Kc7 62. Kb5 Rf7 1/2-1/2

[Event "GER-ch Net blitz qual4"]
[Site "Playchess.com INT"]
[Date "2021.05.10"]
[Round "6"]
[White "Lerch, Martin"]
[Black "Buring, Matthias"]
[Result "1-0"]
[WhiteElo "1909"]
[BlackElo "1719"]
[PlyCount "107"]
[EventDate "2021.05.10"]
[EventType "swiss (blitz)"]
[EventRounds "11"]
[EventCountry "GER"]
[SourceTitle "CBM 202 Extra"]
[Source "ChessBase"]
[SourceDate "2021.07.31"]
[SourceVersion "1"]
[SourceVersionDate "2021.07.31"]
[SourceQuality "1"]

1. e4 e5 2. Nc3 Nf6 3. g3 Bc5 4. Bg2 d6 5. Nge2 0-0 6. d3 h6 7. 0-0 c6 8. h3 Be6 9. Kh2 Nbd7 10. f4 exf4 11. gxf4 Nb6 12. f5 Bd7 13. Nf4 Re8 14. Nh5 d5 15. Bf4 Bd4 16. Nxf6+ Qxf6 17. Qd2 Be5 18. Rae1 d4 19. Ne2 c5 20. Ng3 Re7 21. Nh5 Qd6 22. Bxe5 Qxe5+ 23. Kh1 f6 24. Bf3 Rae8 25. Rg1 Rf7 26. Qxh6 Kf8 27. Nxg7 Ke7 28. Bh5 Rff8 29. Nxe8 Bxe8 30. Rg7+ Kd8 31. Bxe8 Rxe8 32. Reg1 Nd7 33. Rg8 Kc7 34. Rxe8 Qxe8 35. Rg7 Kd6 36. Rxd7+ Kxd7 37. Qxf6 Qb8 38. Qe6+ Kd8 39. Qg8+ Kc7 40. Qxb8+ Kxb8 41. e5 Kc7 42. Kg2 b5 43. Kf3 a5 44. h4 Kd7 45. h5 Ke7 46. h6 Kf7 47. e6+ Kf6 48. h7 Kg7 49. e7 Kxh7 50. e8Q c4 51. Qg6+ Kh8 52. f6 c3 53. f7 cxb2 54. f8Q# 1-0

[Event "GER-ch Net blitz qual4"]
[Site "Playchess.com INT"]
[Date "2021.05.10"]
[Round "2"]
[White "Lerch, Martin"]
[Black "Yankelevich, Lev"]
[Result "0-1"]
[WhiteElo "1909"]
[BlackElo "2117"]
[PlyCount "62"]
[EventDate "2021.05.10"]
[EventType "swiss (blitz)"]
[EventRounds "11"]
[EventCountry "GER"]
[SourceTitle "CBM 202 Extra"]
[Source "ChessBase"]
[SourceDate "2021.07.31"]
[SourceVersion "1"]
[SourceVersionDate "2021.07.31"]
[SourceQuality "1"]

1. e4 d6 2. Nc3 Nf6 3. f4 c5 4. Nf3 Nc6 5. Bc4 e6 6. Bb3 d5 7. e5 Ng4 8. d3 h5 9. h3 Nh6 10. Ne2 Nf5 11. 0-0 h4 12. c3 b6 13. Bc2 d4 14. cxd4 Ncxd4 15. Nexd4 Nxd4 16. Nxd4 Qxd4+ 17. Kh2 Bb7 18. Ba4+ Kd8 19. Bc2 f6 20. Qe2 f5 21. Rb1 Rh6 22. Be3 Qd5 23. Bb3 Qc6 24. Rbd1 Rg6 25. Rg1 Rg3 26. d4 Qe4 27. Rd3 Ba6 28. Rgd1 Bxd3 29. Rxd3 Ke8 30. Bxe6 Rd8 31. Qh5+ g6 0-1

[Event "Regionalliga Sued-West 1819"]
[Site "Bayern"]
[Date "2019.04.07"]
[Round "9.8"]
[White "Lerch, Martin"]
[Black "Kramer, Colin"]
[Result "0-1"]
[WhiteElo "2012"]
[BlackElo "2032"]
[PlyCount "82"]
[EventDate "2018.10.21"]
[EventType "team-tourn"]
[EventRounds "9"]
[EventCountry "GER"]
[SourceTitle "EXT 2022"]
[Source "ChessBase"]
[SourceDate "2021.10.06"]
[SourceVersion "1"]
[SourceVersionDate "2021.10.06"]
[SourceQuality "1"]
[WhiteTeam "Zugzwang MSA II"]
[BlackTeam "Muenchen Bayern III"]
[WhiteTeamCountry "GER"]
[BlackTeamCountry "GER"]

1. e4 e6 2. b3 d5 3. Bb2 Nf6 4. e5 Nfd7 5. d4 Be7 6. f4 c5 7. c3 Nc6 8. Nf3 0-0 9. Nbd2 a6 10. Rc1 b5 11. Bd3 b4 12. cxb4 Nxb4 13. Bb1 a5 14. a3 Nc6 15. 0-0 Ba6 16. Rf2 Nxd4 17. Nxd4 cxd4 18. Nf3 d3 19. Bxd3 Bxd3 20. Qxd3 Nc5 21. Qe3 Ne4 22. Rfc2 Rb8 23. Rc7 Qe8 24. Nd4 Bd8 25. R7c6 Bb6 26. Kf1 Qd7 27. Qd3 Qb7 28. b4 axb4 29. axb4 Rfe8 30. Ba3 Ra8 31. Qb5 Reb8 32. Rxb6 Qxb6 33. Rc8+ Rxc8 34. Qxb6 Rxa3 35. Nc6 Rca8 36. Na5 Rc3 37. Qb7 Rac8 38. Nb3 R3c7 39. Qb6 h6 40. g3 Rc2 41. Nd4 Rf2+ 0-1

[Event "Regionalliga Sued-West 1819"]
[Site "Bayern"]
[Date "2019.02.03"]
[Round "6.7"]
[White "Groenegress, Wilfried"]
[Black "Lerch, Martin"]
[Result "1-0"]
[WhiteElo "1984"]
[BlackElo "2012"]
[PlyCount "39"]
[EventDate "2018.10.21"]
[EventType "team-tourn"]
[EventRounds "9"]
[EventCountry "GER"]
[SourceTitle "EXT 2022"]
[Source "ChessBase"]
[SourceDate "2021.10.06"]
[SourceVersion "1"]
[SourceVersionDate "2021.10.06"]
[SourceQuality "1"]
[WhiteTeam "Tuerkheim/Bad Woerishofen"]
[BlackTeam "Zugzwang MSA II"]
[WhiteTeamCountry "GER"]
[BlackTeamCountry "GER"]

1. e4 e6 2. d4 d5 3. Nc3 Bb4 4. exd5 Qxd5 5. Nf3 b6 6. Bd3 Ba6 7. 0-0 Bxc3 8. bxc3 Nf6 9. Re1 0-0 10. Bxa6 Nxa6 11. Qd3 Qb7 12. Bg5 Nd7 13. Be7 Rfe8 14. Ng5 g6 15. Qh3 h5 16. Rxe6 Qd5 17. Re3 Nab8 18. Rae1 Rxe7 19. Rxe7 Qxg5 20. Qf3 1-0

[Event "Regionalliga Sued-West 1718"]
[Site "Bayern"]
[Date "2018.01.21"]
[Round "5.8"]
[White "Zellweger, Wilfried"]
[Black "Lerch, Martin"]
[Result "1-0"]
[WhiteElo "1862"]
[BlackElo "2014"]
[PlyCount "45"]
[EventDate "2017.10.22"]
[EventType "team-tourn"]
[EventRounds "9"]
[EventCountry "GER"]
[SourceTitle "EXT 2022"]
[Source "ChessBase"]
[SourceDate "2021.10.06"]
[SourceVersion "1"]
[SourceVersionDate "2021.10.06"]
[SourceQuality "1"]
[WhiteTeam "Tuerkheim/Bad Woerishofen"]
[BlackTeam "Zugzwang MSA II"]
[WhiteTeamCountry "GER"]
[BlackTeamCountry "GER"]

1. e4 e6 2. d4 d5 3. Nc3 Bb4 4. Bd2 dxe4 5. Qg4 Nf6 6. Qxg7 Rg8 7. Qh6 Nc6 8. 0-0-0 Rg6 9. Qh4 Rg4 10. Qh3 Nxd4 11. Be3 e5 12. f3 exf3 13. Nxf3 Rg6 14. Qh4 Rg4 15. Qf2 Qe7 16. h3 Rg8 17. Nxd4 Bxc3 18. Nb5 Ba5 19. Bc4 a6 20. Na3 Ne4 21. Qf3 f5 22. Bxg8 Nc3 23. Qh5+ 1-0

[Event "Regionalliga SW 1617"]
[Site "Bayern"]
[Date "2017.02.19"]
[Round "6.7"]
[White "Lerch, Martin"]
[Black "Maurer, Rainer1111"]
[Result "1-0"]
[WhiteElo "2024"]
[BlackElo "1843"]
[PlyCount "45"]
[EventDate "2016.10.16"]
[EventType "team-tourn"]
[EventRounds "9"]
[EventCountry "GER"]
[SourceTitle "EXT 2019"]
[Source "ChessBase"]
[SourceDate "2018.10.10"]
[SourceVersion "1"]
[SourceVersionDate "2018.10.10"]
[SourceQuality "1"]
[WhiteTeam "MSA Zugzwang II"]
[BlackTeam "Krumbach"]
[WhiteTeamCountry "GER"]
[BlackTeamCountry "GER"]

1. e4 e6 2. b3 d5 3. Bb2 Nf6 4. e5 Nfd7 5. d4 c5 6. c3 Nc6 7. f4 Qb6 8. Nf3 f6 9. Nbd2 cxd4 10. cxd4 Be7 11. Rc1 fxe5 12. fxe5 0-0 13. Bd3 a5 14. a3 h6 15. Bb1 Ndxe5 16. dxe5 Bh4+ 17. g3 Nxe5 18. Bxe5 Qe3+ 19. Qe2 Rxf3 20. gxh4 Rh3 21. Bg3 Qb6 22. Rf1 Bd7 23. Qd3 1-0

[Event "Regionalliga SW 1516"]
[Site "Bayern"]
[Date "2015.10.25"]
[Round "2.7"]
[White "Lerch, Martin"]
[Black "Weichlein, Paul"]
[Result "0-1"]
[WhiteElo "2024"]
[BlackElo "2085"]
[PlyCount "64"]
[EventDate "2015.10.11"]
[EventType "team-tourn"]
[EventRounds "9"]
[EventCountry "GER"]
[SourceTitle "EXT 2018"]
[Source "ChessBase"]
[SourceDate "2017.10.13"]
[SourceVersion "1"]
[SourceVersionDate "2017.10.13"]
[SourceQuality "1"]
[WhiteTeam "MSA Zugzwang II"]
[BlackTeam "Haunstetten"]
[WhiteTeamCountry "GER"]
[BlackTeamCountry "GER"]

1. e4 c5 2. Nc3 g6 3. f4 Bg7 4. Nf3 Nc6 5. Bb5 Nd4 6. Nxd4 cxd4 7. Ne2 a6 8. Bc4 e6 9. d3 b5 10. Bb3 Bb7 11. 0-0 Nh6 12. Ng3 Qh4 13. Qe1 0-0 14. Bd2 a5 15. Bxa5 Rxa5 16. Qxa5 Ng4 17. h3 Qxg3 18. hxg4 f5 19. gxf5 gxf5 20. Qe1 Qg4 21. Qd1 Qg6 22. Qe2 fxe4 23. f5 Rxf5 24. Rxf5 Qxf5 25. Rf1 Qg6 26. dxe4 Bh6 27. Rf5 Be3+ 28. Kf1 Bxe4 29. Rxb5 Qf6+ 30. Ke1 Qh4+ 31. Kd1 Qh1+ 32. Qe1 Qxg2 0-1

[Event "Regionalliga SW 1415"]
[Site "Bayern"]
[Date "2015.03.15"]
[Round "8.8"]
[White "Lerch, Martin"]
[Black "Schmidt, Hans"]
[Result "1-0"]
[WhiteElo "2024"]
[BlackElo "2042"]
[PlyCount "109"]
[EventDate "2014.10.19"]
[EventType "team-tourn"]
[EventRounds "9"]
[EventCountry "GER"]
[SourceTitle "EXT 2018"]
[Source "ChessBase"]
[SourceDate "2017.10.13"]
[SourceVersion "1"]
[SourceVersionDate "2017.10.13"]
[SourceQuality "1"]
[WhiteTeam "MSA Zugzwang II"]
[BlackTeam "Garching II"]
[WhiteTeamCountry "GER"]
[BlackTeamCountry "GER"]

1. e4 c6 2. d4 d5 3. exd5 cxd5 4. Bd3 Nf6 5. c3 Bg4 6. Qb3 Qc8 7. Bf4 e6 8. Nd2 Be7 9. Ngf3 Nc6 10. 0-0 0-0 11. Rae1 a6 12. Ne5 Bh5 13. Ndf3 Nxe5 14. Nxe5 Nd7 15. Re3 Nxe5 16. Bxe5 Bg6 17. Qc2 Qd8 18. Rh3 Rc8 19. Qd2 Bf6 20. f4 Bxd3 21. Qxd3 g6 22. Qe3 Bxe5 23. fxe5 f5 24. exf6 Rxf6 25. Rhf3 Rxf3 26. Qxe6+ Kg7 27. Rxf3 Rc7 28. Qe5+ Kg8 29. Rf6 Rf7 30. Re6 Qf8 31. h3 Rf1+ 32. Kh2 Qf4+ 33. Qxf4 Rxf4 34. Kg3 Rf1 35. Re5 Rb1 36. Rxd5 Rxb2 37. a4 b5 38. axb5 axb5 39. Kf4 b4 40. cxb4 Rxb4 41. Ke5 Rb2 42. g4 Rh2 43. Kf6 Rf2+ 44. Kg5 Rf3 45. h4 Rf7 46. h5 gxh5 47. gxh5 Kg7 48. h6+ Kf8 49. Rf5 Rxf5+ 50. Kxf5 Kf7 51. d5 Ke7 52. Ke5 Kd7 53. Kf6 Kd6 54. Kg7 Kxd5 55. Kxh7 1-0

[Event "Regionalliga SW 1415"]
[Site "Bayern"]
[Date "2014.12.07"]
[Round "4.8"]
[White "Lerch, Martin"]
[Black "Fehmer, Dirk"]
[Result "1-0"]
[WhiteElo "2024"]
[BlackElo "1975"]
[PlyCount "149"]
[EventDate "2014.10.19"]
[EventType "team-tourn"]
[EventRounds "9"]
[EventCountry "GER"]
[SourceTitle "EXT 2018"]
[Source "ChessBase"]
[SourceDate "2017.10.13"]
[SourceVersion "1"]
[SourceVersionDate "2017.10.13"]
[SourceQuality "1"]
[WhiteTeam "MSA Zugzwang II"]
[BlackTeam "Haunstetten"]
[WhiteTeamCountry "GER"]
[BlackTeamCountry "GER"]

1. e4 e6 2. b3 d5 3. Bb2 Nf6 4. e5 Nfd7 5. d4 c5 6. c3 f6 7. Bd3 g6 8. f4 Bg7 9. h4 Nc6 10. Nf3 Qc7 11. Nbd2 0-0 12. h5 fxe5 13. fxe5 Ndxe5 14. dxe5 Nxe5 15. Qe2 Nxd3+ 16. Qxd3 Qg3+ 17. Kd1 g5 18. h6 Bf6 19. Ne1 Qc7 20. Kc2 b5 21. Rf1 Bd7 22. Rc1 Be8 23. Qe2 Bg6+ 24. Kd1 Rae8 25. Rxf6 Rxf6 26. c4 Rf4 27. Be5 Qf7 28. Bxf4 Bh5 29. Nef3 Qxf4 30. cxb5 e5 31. Rxc5 e4 32. Nxe4 dxe4 33. Qc4+ Qf7 34. Rxg5+ Kf8 35. Qc5+ Qe7 36. Rxh5 exf3 37. Rf5+ Kg8 38. Qd5+ Qe6 39. Rg5+ Kf8 40. Qf5+ Ke7 41. Rg7+ Kd6 42. Qf4+ Qe5 43. Qxe5+ Rxe5 44. gxf3 Rxb5 45. Rxa7 Rh5 46. Kd2 Rh2+ 47. Kd3 Ke5 48. Rxh7 Rxa2 49. Rf7 Rb2 50. Kc3 Rh2 51. h7 Ke6 52. Ra7 Rh3 53. Kc4 Kd6 54. b4 Kc6 55. Kd4 Kd6 56. Ra6+ Kc7 57. Ke5 Kb7 58. Rf6 Rxh7 59. Ke6 Kc6 60. Rf7 Rh1 61. f4 Rb1 62. f5 Rxb4 63. Re7 Re4+ 64. Kf7 Rf4 65. f6 Rf1 66. Re2 Kd6 67. Kg7 Rg1+ 68. Kf8 Rf1 69. f7 Kd7 70. Rd2+ Kc8 71. Rd4 Rg1 72. Ke7 Re1+ 73. Kf6 Rf1+ 74. Ke6 Kc7 75. Rd5 1-0

[Event "Regionalliga SW 1314"]
[Site "Bayern"]
[Date "2014.03.16"]
[Round "8.7"]
[White "Lerch, Martin"]
[Black "Mattes, Heinz"]
[Result "0-1"]
[WhiteElo "1900"]
[BlackElo "1996"]
[PlyCount "62"]
[EventDate "2013.10.13"]
[EventType "team-tourn"]
[EventRounds "9"]
[EventCountry "GER"]
[SourceTitle "EXT 2015"]
[Source "ChessBase"]
[SourceDate "2014.11.20"]
[SourceVersion "1"]
[SourceVersionDate "2014.11.20"]
[SourceQuality "1"]
[WhiteTeam "MSA Zugzwang II"]
[BlackTeam "Muenchen Siemens"]
[WhiteTeamCountry "GER"]
[BlackTeamCountry "GER"]

1. e4 e6 2. b3 d5 3. Bb2 dxe4 4. Nc3 Nf6 5. g4 e3 6. fxe3 e5 7. g5 Nd5 8. Nxd5 Qxd5 9. Qf3 e4 10. Qg2 Bf5 11. Ne2 Nd7 12. Nc3 Qc6 13. Bc4 Qg6 14. h4 Ne5 15. Be2 0-0-0 16. 0-0-0 Bb4 17. h5 Qc6 18. Rhf1 g6 19. Nb5 Qc5 20. a3 Nd3+ 21. Bxd3 exd3 22. c4 Ba5 23. Nd4 Rhe8 24. Nxf5 gxf5 25. Qf3 Re6 26. Qxf5 Qb6 27. Qxf7 Rde8 28. g6 Qxb3 29. Kb1 hxg6 30. hxg6 Bb4 31. axb4 Qc2+ 0-1

[Event "Landesliga Sued 9798"]
[Site "Bayern"]
[Date "1997.10.19"]
[Round "1.3"]
[White "Kempter, Ronald"]
[Black "Lerch, Martin"]
[Result "1-0"]
[WhiteElo "2170"]
[BlackElo "1985"]
[PlyCount "35"]
[EventDate "1997.10.19"]
[EventType "team-tourn"]
[EventRounds "9"]
[EventCountry "GER"]
[SourceTitle "EXT 2020"]
[Source "ChessBase"]
[SourceDate "2019.10.17"]
[SourceVersion "1"]
[SourceVersionDate "2019.10.17"]
[SourceQuality "1"]
[WhiteTeam "Krumbach"]
[BlackTeam "Graefelfing SK"]
[WhiteTeamCountry "GER"]
[BlackTeamCountry "GER"]

1. Nf3 e6 2. g3 f5 3. Bg2 Nf6 4. d4 Be7 5. c4 0-0 6. d5 Bd6 7. Nc3 e5 8. a3 a5 9. e4 Nxe4 10. Nxe4 fxe4 11. Ng5 Bc5 12. Qh5 Bxf2+ 13. Ke2 h6 14. Nxe4 Bd4 15. Bxh6 Qe7 16. Raf1 d6 17. Rxf8+ Qxf8 18. Rf1 1-0

[Event "Landesliga Sued 9697"]
[Site "Bayern"]
[Date "1997.03.02"]
[Round "7"]
[White "Lerch, Martin"]
[Black "Eitel, Harald"]
[Result "1/2-1/2"]
[WhiteElo "1990"]
[BlackElo "2140"]
[PlyCount "53"]
[EventDate "1996.10.13"]
[EventType "team-tourn"]
[EventRounds "9"]
[EventCountry "GER"]
[SourceTitle "EXT 2020"]
[Source "ChessBase"]
[SourceDate "2019.10.17"]
[SourceVersion "1"]
[SourceVersionDate "2019.10.17"]
[SourceQuality "1"]
[WhiteTeam "Graefelfing SK"]
[BlackTeam "Ingolstadt"]
[WhiteTeamCountry "GER"]
[BlackTeamCountry "GER"]

1. f4 g6 2. Nf3 Bg7 3. g3 c5 4. Bg2 Nc6 5. 0-0 e6 6. c3 Nge7 7. d4 Qb6 8. e3 0-0 9. b3 d5 10. Ba3 cxd4 11. exd4 Re8 12. Kh1 Qc7 13. Nbd2 b5 14. Bc5 a5 15. c4 bxc4 16. bxc4 Nf5 17. Re1 Bb7 18. Rc1 Qd7 19. cxd5 exd5 20. Ne5 Nxe5 21. dxe5 f6 22. Nc4 d4 23. Nd6 Bxg2+ 24. Kxg2 Nxd6 25. Bxd6 fxe5 26. fxe5 Qe6 27. Qb3 1/2-1/2

[Event "Landesliga Sued 9697"]
[Site "Bayern"]
[Date "1997.02.02"]
[Round "5"]
[White "Inngauer, Wolfram"]
[Black "Lerch, Martin"]
[Result "0-1"]
[WhiteElo "1995"]
[BlackElo "1990"]
[PlyCount "54"]
[EventDate "1996.10.13"]
[EventType "team-tourn"]
[EventRounds "9"]
[EventCountry "GER"]
[SourceTitle "EXT 2020"]
[Source "ChessBase"]
[SourceDate "2019.10.17"]
[SourceVersion "1"]
[SourceVersionDate "2019.10.17"]
[SourceQuality "1"]
[WhiteTeam "Groebenzell"]
[BlackTeam "Graefelfing SK"]
[WhiteTeamCountry "GER"]
[BlackTeamCountry "GER"]

1. d4 e6 2. Nc3 d5 3. e4 Bb4 4. e5 Ne7 5. Nf3 c5 6. a3 Bxc3+ 7. bxc3 Qc7 8. Bd3 b6 9. 0-0 Ba6 10. Bxa6 Nxa6 11. Qe2 Nb8 12. a4 0-0 13. Ba3 Rc8 14. Rfd1 Nf5 15. dxc5 bxc5 16. g4 Ne7 17. h4 Nd7 18. c4 d4 19. c3 dxc3 20. Rd6 Ng6 21. Rad1 Nb6 22. a5 Na4 23. Ng5 Rab8 24. h5 Nf8 25. Qc2 Nb2 26. Bxb2 cxb2 27. Rd7 b1Q 0-1

[Event "Landesliga Sued 9697"]
[Site "Bayern"]
[Date "1997.01.12"]
[Round "4"]
[White "Gerer, Josef"]
[Black "Lerch, Martin"]
[Result "1/2-1/2"]
[WhiteElo "2195"]
[BlackElo "1990"]
[PlyCount "42"]
[EventDate "1996.10.13"]
[EventType "team-tourn"]
[EventRounds "9"]
[EventCountry "GER"]
[SourceTitle "EXT 2020"]
[Source "ChessBase"]
[SourceDate "2019.10.17"]
[SourceVersion "1"]
[SourceVersionDate "2019.10.17"]
[SourceQuality "1"]
[WhiteTeam "Passau II"]
[BlackTeam "Graefelfing SK"]
[WhiteTeamCountry "GER"]
[BlackTeamCountry "GER"]

1. d4 e6 2. e4 d5 3. e5 c5 4. Qg4 cxd4 5. Nf3 Nc6 6. Bd3 Qc7 7. 0-0 Nb4 8. Bb5+ Bd7 9. Bxd7+ Qxd7 10. Nxd4 Rc8 11. Na3 Nc6 12. Nxc6 Qxc6 13. c3 Ne7 14. Nc2 a6 15. Nd4 Qc7 16. Re1 Ng6 17. h4 h5 18. Qg3 Qd7 19. Bg5 Be7 20. Rad1 Bxg5 21. Qxg5 Qe7 1/2-1/2

[Event "Berlin op"]
[Site "Berlin"]
[Date "1996.??.??"]
[Round "?"]
[White "Lerch, Martin"]
[Black "Krueger, Olaf"]
[Result "1/2-1/2"]
[WhiteElo "1972"]
[BlackElo "2016"]
[PlyCount "63"]
[EventDate "1996.??.??"]
[EventType "swiss"]
[EventRounds "9"]
[EventCountry "GER"]
[SourceTitle "EXT 2008"]
[Source "ChessBase"]
[SourceDate "2007.11.25"]
[SourceVersion "1"]
[SourceVersionDate "2007.11.25"]
[SourceQuality "1"]

1. e4 d5 2. exd5 Qxd5 3. Nc3 Qa5 4. d4 c6 5. Bc4 Nf6 6. Nf3 Bf5 7. 0-0 e6 8. Qe2 Be7 9. Bd2 Qc7 10. Ne5 0-0 11. Bf4 Qd8 12. Rad1 Nbd7 13. h3 Nd5 14. Nxd5 cxd5 15. Bd3 Bxd3 16. Rxd3 Nxe5 17. Bxe5 Bd6 18. Rg3 f6 19. Bxd6 Qxd6 20. Re1 Rfe8 21. Re3 Kf7 22. Qh5+ Kg8 23. Qe2 Kf7 24. c3 Re7 25. Qh5+ Kg8 26. g4 Rf8 27. Kg2 g6 28. Qh4 Kg7 29. Qg3 Qxg3+ 30. Kxg3 Rfe8 31. f4 Kf7 32. Kf3 1/2-1/2

[Event "Landesliga Sued 9495"]
[Site "Bayern"]
[Date "1995.04.30"]
[Round "8.7"]
[White "Lerch, Martin"]
[Black "Gayer, Michael"]
[Result "1/2-1/2"]
[WhiteElo "1985"]
[BlackElo "2065"]
[PlyCount "110"]
[EventDate "1994.10.09"]
[EventType "team-tourn"]
[EventRounds "9"]
[EventCountry "GER"]
[SourceTitle "EXT 1999"]
[Source "ChessBase"]
[SourceDate "1998.11.16"]
[SourceVersion "1"]
[SourceVersionDate "1998.11.16"]
[SourceQuality "1"]
[WhiteTeam "Graefelfing SK"]
[BlackTeam "Krumbach"]
[WhiteTeamCountry "GER"]
[BlackTeamCountry "GER"]

1. f4 d5 2. Nf3 Nf6 3. e3 e6 4. b3 Be7 5. Bb2 b6 6. Bb5+ c6 7. Be2 Bb7 8. 0-0 0-0 9. Qe1 c5 10. d3 Nc6 11. Nbd2 Rc8 12. Qg3 Qc7 13. Rae1 Nb4 14. Bd1 Nxa2 15. Be5 Qd7 16. e4 d4 17. f5 Ne8 18. Nc4 exf5 19. Nh4 Bxh4 20. Qxh4 fxe4 21. dxe4 Qd8 22. Qg3 Nc3 23. Nd6 f6 24. Nxb7 Qe7 25. Bd6 Qxb7 26. Bxf8 Nxd1 27. Bxg7 Qxg7 28. Qxg7+ Kxg7 29. Rxd1 Nd6 30. Rf4 Re8 31. Re1 a5 32. Rg4+ Kf7 33. Rh4 Kg6 34. Kf2 Re5 35. Kf3 b5 36. Rg4+ Kf7 37. Ra1 Nb7 38. Rh4 Kg7 39. Rg4+ Kf7 40. Rf4 Ke6 41. g4 Kf7 42. Rf5 Ke6 43. Kf4 Rxf5+ 44. exf5+ Kd5 45. g5 fxg5+ 46. Kxg5 c4 47. bxc4+ Kxc4 48. f6 Nd6 49. Rxa5 Kc3 50. Ra6 Nf7+ 51. Kf5 Kxc2 52. Ke6 Nh6 53. Rc6+ Kb3 54. Rd6 Kc3 55. Rc6+ Kb3 1/2-1/2

[Event "Landesliga Sued 9495"]
[Site "Bayern"]
[Date "1994.12.04"]
[Round "3.8"]
[White "Obermeier, Siegfried"]
[Black "Lerch, Martin"]
[Result "1/2-1/2"]
[WhiteElo "2177"]
[BlackElo "1985"]
[PlyCount "41"]
[EventDate "1994.10.09"]
[EventType "team-tourn"]
[EventRounds "9"]
[EventCountry "GER"]
[SourceTitle "EXT 2020"]
[Source "ChessBase"]
[SourceDate "2019.10.17"]
[SourceVersion "1"]
[SourceVersionDate "2019.10.17"]
[SourceQuality "1"]
[WhiteTeam "Dorfen PSV"]
[BlackTeam "Graefelfing SK"]
[WhiteTeamCountry "GER"]
[BlackTeamCountry "GER"]

1. d4 e6 2. c4 f5 3. g4 fxg4 4. h3 g3 5. Be3 Bb4+ 6. Nc3 Nf6 7. Bg2 Nc6 8. fxg3 d6 9. Bf2 0-0 10. e3 Qe8 11. Nge2 e5 12. d5 Nb8 13. a3 Bxc3+ 14. Nxc3 a5 15. e4 b6 16. b3 Na6 17. 0-0 Nc5 18. Qc2 Bd7 19. b4 axb4 20. axb4 Na6 21. Qb3 1/2-1/2